| 000 | 00478cam a2200181ua 4500 | ||
|---|---|---|---|
| 001 | 11394 | ||
| 008 | 190917n ii |||gr||||Z||||||eng | ||
| 020 | _a8176710504 | ||
| 040 | _cMAIN | ||
| 041 | _aeng | ||
| 082 | _a339 | ||
| 100 |
_aWilliam H Branson, _eAuthor. |
||
| 245 |
_aMacroeconomic theory and policy _cBy William H Branson |
||
| 260 |
_aNew Delhi: _bAffiliated east west press, _c2017. |
||
| 300 | _a656p. | ||
| 653 | _aMacroeconomics & related topics | ||
| 942 | _cBK | ||
| 999 |
_c10236 _d10236 |
||